Islas "Santas" del Caribe - Estadísticas

Estadísticas generales
  • Esta prueba ha sido intentada 3.145 veces
    3.142 desde el último reinicio
  • La puntuación promedio es 4 de 10
Estadísticas de respuestas
km2 Isla % Correcto
617 Santa Lucia
98%
168 San Cristóbal
89%
345 San Vicente
88%
87 Saint Martin
36%
51 San Juan
29%
21 San Bartolomé
23%
21 San Eustaquio
11%
26 San Andrés
10%
81 Santo Tomás
9%
214 Santa Cruz
7%
No se encontraron pruebas coincidentes
Distribución de puntuación
Porcentaje de gente con cada puntuación
Porcentaje por número respondido
Historial de tus puntuaciones
No has intentado esta prueba desde el último reinicio